000 01503cam a22004217a 4500
001 6852
003 BD-DhEWU
005 20181218104554.0
008 111211r20002006ii a g 001 0 eng d
020 _a8131702375
020 _a9783526339311
020 _a0582339316
035 _a(OCLC)43880189
_a(BD-DhEWU)6852
040 _a BD-DhEWU
_bEnglish
_cBD-DhEWU
_dBD-DhEWU
041 _aeng
082 0 4 _222
_a025.04
_bTEH 2000
100 1 _aTeeler, Dede.
_9233
245 _aHow to use the internet in ELT /
_cDede Teeler with Peta Gray ; series editor, Jeremy Harmer.
246 _aUse the Internet in ELT.
260 _aNew Delhi :
_bPearson,
_cc2000.
300 _aviii, 120 p. :
_bill. ;
_c24 cm.
504 _aIncludes index.
520 _aA practical guide to the use of the Internet for teachers of English. Appropriate for teachers who have little experince of the Internet as well as for those looking to extend their understanding of the resources available on the net.
526 _aCSE
590 _aSaifun Momota
653 _aInternet.
653 _aInternet in education.
700 1 _aGray, Peta.
_9232
856 4 2 _3WorldCat details
_uhttp://www.worldcat.org/title/how-to-use-the-internet-in-elt/oclc/43880189&referer=brief_results
856 4 2 _3Ebook Fulltext
_uhttp://lib.ewubd.edu/ebook/6852
942 _2ddc
_cTEXT
_01
953 _a0
999 _c6852
_d6852
999 _c6852
_d6852
999 _c6852
_d6852
999 _c6852
_d6852
999 _c6852
_d6852
999 _c6852
_d6852